[Event "National Elementary Championship"]
[Site "Columbus, Ohio, United States"]
[Date "2022.05.15"]
[Round "6.19"]
[White "Wang, Ted"]
[Black "Tao, Jeremy"]
[Result "1/2-1/2"]
[TimeControl "G/90;d5"]
[WhiteElo "1825"]
[BlackElo "1424"]

1. e4 {[%clk 01:30:00]} {[%emt 00:00:07]} c5 {[%clk 01:30:00]} {[%emt
00:00:04]} 2. Nf3 {[%clk 01:29:53]} {[%emt 00:00:22]} d6 {[%clk 01:30:00]} 3.
Bb5+ {[%clk 01:29:49]} {[%emt 00:00:19]} Bd7 {[%clk 01:30:00]} 4. Bxd7+ {[%clk
01:29:44]} Qxd7 {[%clk 01:30:00]} 5. O-O {[%clk 01:29:39]} {[%emt 00:00:03]}
Nc6 {[%clk 01:30:00]} {[%emt 00:00:13]} 6. c3 {[%clk 01:29:33]} Nf6 {[%clk
01:30:00]} {[%emt 00:00:09]} 7. Re1 {[%clk 01:29:27]} {[%emt 00:00:08]} e6
{[%clk 01:29:32]} {[%emt 00:00:31]} 8. d4 {[%clk 01:29:16]} {[%emt 00:00:14]}
cxd4 {[%clk 01:29:32]} {[%emt 00:00:15]} 9. cxd4 {[%clk 01:29:16]} d5 {[%clk
01:29:32]} {[%emt 00:00:08]} 10. e5 {[%clk 01:29:16]} Ne4 {[%clk 01:29:32]} 11.
Nbd2 {[%clk 01:29:15]} {[%emt 00:00:14]} Nxd2 {[%clk 01:29:30]} {[%emt
00:00:03]} 12. Bxd2 {[%clk 01:29:14]} {[%emt 00:00:04]} Be7 {[%clk 01:29:27]}
{[%emt 00:00:40]} 13. Rc1 {[%clk 01:29:13]} O-O {[%clk 01:29:22]} 14. Rc3
{[%clk 01:29:13]} Rfc8 {[%clk 01:29:19]} {[%emt 00:00:03]} 15. a3 {[%clk
01:29:09]} {[%emt 00:00:08]} a5 {[%clk 01:28:54]} {[%emt 00:00:36]} 16. Rd3
{[%clk 01:23:18]} {[%emt 00:05:46]} b5 {[%clk 01:27:15]} {[%emt 00:01:41]} 17.
h4 {[%clk 01:19:06]} {[%emt 00:04:16]} a4 {[%clk 01:23:52]} {[%emt 00:03:28]}
18. Ng5 {[%clk 01:13:34]} {[%emt 00:05:37]} h6 {[%clk 01:18:47]} {[%emt
00:05:13]} 19. Nh3 {[%clk 01:09:10]} {[%emt 00:04:27]} Kh8 {[%clk 01:13:19]}
{[%emt 00:05:32]} 20. Qh5 {[%clk 01:07:51]} {[%emt 00:01:22]} Bf8 {[%clk
01:08:21]} {[%emt 00:05:29]} 21. Qg4 {[%clk 01:02:19]} {[%emt 00:05:13]} Ne7
{[%emt 00:05:19]} 22. Ng5 {[%clk 00:43:01]} {[%emt 00:19:30]} Nf5 {[%clk
01:01:43]} {[%emt 00:01:24]} 23. Nf3 {[%clk 00:39:50]} {[%emt 00:03:16]} Qd8
{[%clk 00:56:57]} {[%emt 00:04:56]} 24. Bc3 {[%clk 00:37:20]} {[%emt 00:02:28]}
Ra7 {[%clk 00:55:23]} {[%emt 00:01:40]} 25. g3 {[%clk 00:36:04]} {[%emt
00:01:19]} Rb7 {[%clk 00:54:30]} {[%emt 00:00:59]} 26. Nd2 {[%clk 00:34:23]}
{[%emt 00:01:53]} b4 {[%clk 00:53:54]} {[%emt 00:00:36]} 27. axb4 {[%clk
00:33:43]} {[%emt 00:00:44]} Bxb4 {[%clk 00:53:52]} {[%emt 00:00:06]} 28. Qd1
{[%clk 00:33:01]} {[%emt 00:00:45]} Bxc3 {[%clk 00:53:40]} {[%emt 00:00:22]} 29.
Rxc3 {[%clk 00:32:40]} {[%emt 00:00:25]} Rxb2 {[%clk 00:52:20]} {[%emt
00:01:30]} 30. Qc1 {[%clk 00:31:53]} {[%emt 00:00:44]} Rxc3 {[%clk 00:52:01]}
{[%emt 00:00:30]} 31. Qxc3 {[%clk 00:31:43]} {[%emt 00:00:09]} Qb8 {[%clk
00:51:31]} {[%emt 00:00:36]} 32. Ra1 {[%clk 00:23:06]} {[%emt 00:08:57]} Qb4
{[%clk 00:50:54]} {[%emt 00:00:27]} 33. Qxb4 {[%clk 00:19:44]} {[%emt
00:03:26]} Rxb4 {[%clk 00:50:52]} {[%emt 00:00:12]} 34. Nf3 {[%clk 00:19:44]}
{[%emt 00:00:03]} Nxd4 {[%clk 00:50:43]} {[%emt 00:00:11]} 35. Nxd4 {[%clk
00:19:43]} {[%emt 00:00:08]} Rxd4 {[%clk 00:50:33]} {[%emt 00:00:13]} 36. Kg2
{[%clk 00:19:43]} {[%emt 00:00:18]} Kh7 {[%clk 00:49:57]} {[%emt 00:00:26]} 37.
h5 {[%clk 00:19:01]} {[%emt 00:00:58]} g6 {[%clk 00:49:52]} {[%emt 00:00:03]}
38. hxg6+ {[%clk 00:19:01]} {[%emt 00:00:05]} Kxg6 {[%clk 00:49:51]} {[%emt
00:00:08]} 39. f4 {[%clk 00:18:59]} {[%emt 00:00:10]} f6 {[%clk 00:48:34]}
{[%emt 00:00:44]} 40. exf6 {[%clk 00:18:52]} {[%emt 00:00:44]} Kxf6 {[%clk
00:48:34]} {[%emt 00:00:08]} 41. Kf3 {[%clk 00:18:34]} {[%emt 00:00:18]} Re4
{[%clk 00:47:55]} {[%emt 00:00:44]} 42. Ra3 {[%clk 00:18:00]} {[%emt 00:00:35]}
h5 {[%clk 00:47:30]} {[%emt 00:00:37]} 43. Rd3 {[%clk 00:17:38]} {[%emt
00:00:19]} Rb4 {[%clk 00:47:06]} {[%emt 00:00:49]} 44. Kg2 {[%clk 00:17:19]}
{[%emt 00:00:05]} Rb3 {[%clk 00:46:57]} {[%emt 00:00:28]} 45. Rd4 {[%clk
00:17:12]} a3 {[%clk 00:46:44]} {[%emt 00:00:38]} 46. Ra4 {[%clk 00:17:06]}
{[%emt 00:00:08]} Rb2+ {[%clk 00:46:27]} {[%emt 00:00:09]} 47. Kf3 {[%clk
00:16:50]} {[%emt 00:00:13]} a2 {[%clk 00:46:08]} {[%emt 00:00:29]} 48. Ra8
{[%clk 00:16:43]} {[%emt 00:00:18]} d4 {[%clk 00:43:09]} {[%emt 00:02:57]} 49.
Ke4 {[%clk 00:16:19]} {[%emt 00:00:28]} Rd2 {[%clk 00:42:53]} {[%emt 00:00:21]}
50. Ra7 {[%clk 00:15:42]} {[%emt 00:00:50]} d3 {[%clk 00:42:24]} {[%emt
00:00:25]} 51. Ke3 {[%clk 00:15:07]} {[%emt 00:00:41]} Rg2 {[%clk 00:42:23]}
{[%emt 00:00:15]} 52. Kxd3 {[%clk 00:15:01]} {[%emt 00:00:05]} Rxg3+ {[%clk
00:42:23]} {[%emt 00:00:07]} 53. Ke4 {[%clk 00:14:53]} {[%emt 00:00:07]} Rg2
{[%clk 00:40:18]} {[%emt 00:02:09]} 54. Kf3 {[%clk 00:13:23]} {[%emt 00:01:18]}
Rb2 {[%clk 00:39:52]} {[%emt 00:00:48]} 55. Kg3 {[%clk 00:12:48]} {[%emt
00:00:39]} Kf5 {[%clk 00:39:12]} {[%emt 00:00:52]} 56. Ra4 {[%clk 00:12:29]}
{[%emt 00:00:15]} Re2 {[%clk 00:37:46]} {[%emt 00:01:37]} 57. Kf3 {[%clk
00:11:19]} {[%emt 00:01:09]} Re4 {[%clk 00:35:30]} {[%emt 00:04:39]} 58. Ra5+
{[%clk 00:10:18]} {[%emt 00:01:12]} e5 {[%clk 00:35:27]} {[%emt 00:00:07]} 59.
fxe5 {[%clk 00:10:13]} {[%emt 00:00:05]} Rxe5 {[%clk 00:35:20]} {[%emt
00:00:35]} 60. Rxa2 {[%clk 00:10:12]} h4 {[%clk 00:35:04]} {[%emt 00:00:05]} 61.
Ra4 {[%clk 00:09:18]} {[%emt 00:00:59]} Kg5 {[%clk 00:29:26]} {[%emt 00:05:41]}
62. Rg4+ {[%clk 00:08:22]} {[%emt 00:01:01]} Kh5 {[%clk 00:29:13]} {[%emt
00:00:29]} 63. Rg8 {[%clk 00:08:07]} {[%emt 00:00:11]} Rf5+ {[%clk 00:28:18]}
{[%emt 00:01:02]} 64. Kg2 {[%clk 00:07:59]} {[%emt 00:00:10]} Rf6 {[%clk
00:19:27]} {[%emt 00:08:55]} 65. Rh8+ {[%clk 00:07:59]} {[%emt 00:00:27]} Kg4
{[%clk 00:15:15]} {[%emt 00:04:31]} 66. Rg8+ {[%clk 00:07:47]} {[%emt
00:00:13]} Kh5 {[%clk 00:11:54]} {[%emt 00:03:33]} 67. Rh8+ {[%clk 00:07:46]}
{[%emt 00:00:07]} Kg4 {[%clk 00:10:39]} {[%emt 00:01:36]} 68. Rg8+ {[%clk
00:07:18]} {[%emt 00:00:16]} Kf5 {[%clk 00:08:59]} {[%emt 00:01:39]} 69. Rh8
{[%clk 00:07:15]} {[%emt 00:00:13]} Kg4 {[%clk 00:08:46]} {[%emt 00:00:17]} 70.
Rg8+ {[%clk 00:07:15]} {[%emt 00:00:40]} Kh5 {[%clk 00:08:43]} 71. Rh8+ {[%clk
00:07:12]} Kg4 {[%clk 00:08:28]} {[%emt 00:00:04]} 72. Rg8+ {[%clk 00:06:38]}
{[%emt 00:00:51]} Kh5 {[%clk 00:08:28]} {[%emt 00:00:06]} 73. Rh8+ {[%clk
00:06:38]} Kg4 {[%clk 00:08:27]} 1/2-1/2

[Event "National Elementary Championship"]
[Site "Columbus, Ohio, United States"]
[Date "2022.05.15"]
[Round "6.20"]
[White "Cao, Max"]
[Black "Zheng, Lerui"]
[Result "1-0"]
[TimeControl "G/90;d5"]
[WhiteElo "1539"]
[BlackElo "1688"]

1. e4 {[%clk 01:30:00]} {[%emt 00:00:15]} e6 {[%clk 01:30:00]} {[%emt
00:02:13]} 2. d4 {[%clk 01:29:59]} d5 {[%clk 01:29:54]} 3. e5 {[%clk 01:29:50]}
{[%emt 00:00:07]} c5 {[%clk 01:29:51]} {[%emt 00:00:07]} 4. c3 {[%clk
01:29:50]} {[%emt 00:00:19]} Nc6 {[%clk 01:29:43]} 5. Nf3 {[%clk 01:29:30]}
{[%emt 00:00:23]} Qb6 {[%clk 01:29:39]} {[%emt 00:00:31]} 6. Bd3 {[%clk
01:29:20]} Bd7 {[%clk 01:29:10]} {[%emt 00:00:33]} 7. Bc2 {[%clk 01:28:44]}
{[%emt 00:00:46]} cxd4 {[%clk 01:27:37]} {[%emt 00:02:03]} 8. cxd4 {[%clk
01:27:43]} {[%emt 00:00:42]} Rc8 {[%clk 01:27:28]} {[%emt 00:00:04]} 9. Nc3
{[%clk 01:27:18]} {[%emt 00:00:26]} Nb4 {[%clk 01:26:49]} {[%emt 00:00:46]} 10.
Bb3 {[%clk 01:26:08]} {[%emt 00:01:26]} Ne7 {[%clk 01:26:03]} {[%emt 00:00:42]}
11. a3 {[%clk 01:22:35]} {[%emt 00:03:38]} Nbc6 {[%clk 01:25:54]} {[%emt
00:00:11]} 12. Na4 {[%clk 01:22:18]} {[%emt 00:00:39]} Qc7 {[%clk 01:23:04]}
{[%emt 00:02:49]} 13. Be3 {[%clk 01:19:09]} {[%emt 00:03:45]} Nf5 {[%clk
01:22:38]} 14. Rc1 {[%clk 01:18:38]} {[%emt 00:00:26]} Nxe3 {[%clk 01:19:42]}
{[%emt 00:03:27]} 15. fxe3 {[%clk 01:18:15]} {[%emt 00:00:04]} Qa5+ {[%clk
01:19:29]} {[%emt 00:00:16]} 16. Nd2 {[%clk 01:16:20]} {[%emt 00:01:59]} Be7
{[%clk 01:18:43]} {[%emt 00:00:52]} 17. O-O {[%clk 01:13:19]} {[%emt 00:03:05]}
O-O {[%clk 01:18:32]} {[%emt 00:00:16]} 18. Nc5 {[%clk 01:12:45]} {[%emt
00:00:40]} Bxc5 {[%clk 01:16:22]} {[%emt 00:02:41]} 19. Rxc5 {[%clk 01:12:32]}
Qa6 {[%clk 01:12:56]} {[%emt 00:03:22]} 20. Ba2 {[%clk 01:08:32]} {[%emt
00:04:08]} b6 {[%clk 01:11:36]} {[%emt 00:01:24]} 21. Rc3 {[%clk 01:07:04]}
{[%emt 00:01:33]} Ne7 {[%clk 01:09:34]} {[%emt 00:02:23]} 22. Rxc8 {[%clk
01:06:32]} {[%emt 00:00:18]} Rxc8 {[%clk 01:07:59]} {[%emt 00:01:51]} 23. Qf3
{[%clk 01:06:11]} {[%emt 00:00:24]} Rf8 {[%clk 01:01:55]} {[%emt 00:06:02]} 24.
e4 {[%clk 01:02:47]} {[%emt 00:03:44]} Bb5 {[%clk 00:55:29]} {[%emt 00:06:21]}
25. Rf2 {[%clk 01:00:19]} {[%emt 00:02:27]} dxe4 {[%clk 00:53:46]} {[%emt
00:02:19]} 26. Nxe4 {[%clk 00:59:05]} {[%emt 00:01:23]} Qc8 {[%clk 00:51:53]}
{[%emt 00:01:29]} 27. h3 {[%clk 00:57:05]} {[%emt 00:01:57]} Bc6 {[%clk
00:47:06]} {[%emt 00:04:53]} 28. Qd3 {[%clk 00:49:05]} {[%emt 00:08:05]} Nf5
{[%clk 00:42:49]} {[%emt 00:04:23]} 29. g4 {[%clk 00:47:50]} {[%emt 00:01:26]}
Bxe4 {[%clk 00:41:45]} {[%emt 00:01:00]} 30. Qxe4 {[%clk 00:47:49]} {[%emt
00:00:16]} Qc1+ {[%clk 00:41:10]} {[%emt 00:00:32]} 31. Kh2 {[%clk 00:47:07]}
{[%emt 00:00:52]} Ne7 {[%clk 00:39:09]} {[%emt 00:02:30]} 32. Bb1 {[%clk
00:42:56]} {[%emt 00:03:48]} Ng6 {[%clk 00:38:32]} {[%emt 00:00:54]} 33. h4
{[%clk 00:42:12]} {[%emt 00:00:37]} Qh6 {[%clk 00:37:46]} {[%emt 00:00:58]} 34.
h5 {[%clk 00:41:44]} {[%emt 00:00:28]} Ne7 {[%clk 00:36:22]} {[%emt 00:01:25]}
35. Rf4 {[%clk 00:38:22]} {[%emt 00:03:50]} g6 {[%clk 00:33:07]} {[%emt
00:02:57]} 36. Kg3 {[%clk 00:34:10]} {[%emt 00:04:18]} gxh5 {[%clk 00:31:21]}
{[%emt 00:01:49]} 37. gxh5 {[%emt 00:01:19]} Nf5+ {[%clk 00:29:58]} {[%emt
00:00:24]} 38. Rxf5 {[%clk 00:32:03]} {[%emt 00:02:03]} exf5 {[%clk 00:28:42]}
{[%emt 00:01:20]} 39. Qxf5 {[%clk 00:32:00]} {[%emt 00:00:28]} Qg7+ {[%clk
00:28:23]} {[%emt 00:00:04]} 40. Kf3 {[%clk 00:30:38]} {[%emt 00:01:27]} Rd8
{[%clk 00:22:15]} {[%emt 00:06:16]} 41. Kf2 {[%clk 00:28:55]} {[%emt 00:01:49]}
Rxd4 {[%clk 00:20:30]} {[%emt 00:02:12]} 42. Qc8+ {[%clk 00:28:37]} {[%emt
00:00:07]} Qf8 {[%clk 00:15:00]} {[%emt 00:05:26]} 43. Bxh7+ {[%clk 00:28:16]}
{[%emt 00:00:56]} Kg7 {[%clk 00:11:36]} {[%emt 00:02:57]} 44. h6+ {[%clk
00:27:49]} {[%emt 00:00:33]} Kxh7 {[%clk 00:08:05]} {[%emt 00:03:36]} 45. Qxf8
{[%clk 00:27:39]} {[%emt 00:00:18]} Rg4 {[%clk 00:07:22]} {[%emt 00:00:45]} 46.
Qxf7+ {[%clk 00:27:28]} {[%emt 00:00:30]} Kxh6 {[%clk 00:06:47]} {[%emt
00:00:50]} 47. Qf6+ {[%clk 00:27:18]} {[%emt 00:00:03]} Rg6 {[%clk 00:05:56]}
{[%emt 00:00:40]} 48. Qf4+ {[%clk 00:26:47]} {[%emt 00:00:42]} Kg7 {[%clk
00:05:32]} {[%emt 00:00:27]} 49. Ke3 {[%clk 00:26:11]} {[%emt 00:00:42]} Re6
{[%clk 00:02:35]} {[%emt 00:03:25]} 50. Qg4+ {[%clk 00:25:58]} {[%emt
00:00:11]} Kf7 {[%clk 00:02:33]} 51. Qf5+ {[%clk 00:25:57]} Ke7 {[%clk
00:02:27]} {[%emt 00:00:10]} 52. Kd4 {[%clk 00:25:37]} {[%emt 00:00:23]} a6
{[%clk 00:02:24]} {[%emt 00:00:19]} 53. Kd5 {[%clk 00:25:18]} {[%emt 00:00:11]}
Rh6 {[%clk 00:02:07]} {[%emt 00:00:39]} 54. e6 {[%clk 00:24:57]} {[%emt
00:00:11]} Rf6 {[%clk 00:01:38]} {[%emt 00:00:34]} 55. Qh7+ {[%clk 00:24:48]}
{[%emt 00:00:33]} Ke8 {[%clk 00:01:03]} {[%emt 00:00:19]} 56. Qd7+ {[%clk
00:24:28]} {[%emt 00:00:39]} Kf8 {[%clk 00:01:03]} 57. e7+ {[%clk 00:24:25]}
{[%emt 00:00:16]} Kg7 {[%clk 00:01:03]} {[%emt 00:00:11]} 58. e8=Q+ {[%clk
00:24:15]} Kh6 {[%clk 00:01:03]} 59. Qh3+ {[%clk 00:23:47]} {[%emt 00:00:05]}
Kg5 {[%clk 00:01:03]} {[%emt 00:00:53]} 60. Qe5 {[%clk 00:23:39]} {[%emt
00:00:07]} Kg6 {[%clk 00:01:01]} 61. Qhh5+ {[%clk 00:23:36]} {[%emt 00:00:03]}
Kg7 {[%clk 00:01:00]} 62. Qe7+ {[%clk 00:23:08]} {[%emt 00:00:39]} Rf7 {[%clk
00:00:46]} {[%emt 00:01:26]} 63. Qexf7# {[%clk 00:23:01]} {[%emt 00:00:03]} 1-0